000 01189nam a2200349 i 4500
001 000012493
003 DO-SdBPM
005 20260521130402.0
007 ta
008 091113s1992 dr 000 f spa d
040 _aDO-SdBPM
_bspa
_cBPMSU
_erda
_d
041 _aspa
082 0 4 _aRD863.44
_bC287L 1992
_222
100 1 _a Carmen Natalia,
_d 1917-1976
_eautor
_4aut.
245 1 3 _aLa victoria /
_cCarmen Natalia Martínez ; prólogo, Manuel Matos Moquete.
250 _aPrimera edición
264 1 _aSanto Domingo, República Dominicana :
_bCE-MUJER,
_c1992.
300 _a171 páginas ;
_c21 cm.
336 _atexto
_btxt
_2rdacontent
337 _asin mediación
_bn
_2rdamedia
338 _avolumen
_bnc
_2rdacarrier
500 _aIncluye datos biográficos del la autora en la contracubierta
590 _aInventariado, 2026/VM
650 7 _aNovela dominicana
650 7 _aLiteratura dominicana.
650 z _aDominican fictions
650 z _aDominican literature
700 1 _aMatos Mosquete, Manuel
_eprologuista
_4pr.
710 2 _aCentro de Solidaridad para el Desarrollo de la Mujer
910 _aVMateo V. Control de calidad PMSU
942 _2ddc
_cBK
999 _c15863
_d15863